Analýza bezpečnosti informačných systémov - súčasný stav v podmienkach agrorezortu na Slovensku

Zhodnotenie súčasného stavu bezpečnosti informačných systémov so zameraním na agrorezort, pomenovanie potencionálnych informačno-bezpečnostných hrozieb a rizík vo vybraných podnikoch a náčrt možných návrhov riešení v tejto oblasti, s dôrazom na zaistenie čo najvyššieho stupňa ochrany dát i systému...

ver descrição completa

Na minha lista:
Detalhes bibliográficos
Autor principal: Kučera, Milan
Outros Autores: Repovský, Anton, Fiľa, Milan
Formato: Capítulo de Livro
Idioma:eslovaco
Assuntos:
Tags: Adicionar Tag
Sem tags, seja o primeiro a adicionar uma tag!

MARC

LEADER 00000naa$a2200000$$$4500
001 0111348
005 20240411120931.9
041 0 |a slo 
044 |a SK 
245 1 0 |a Analýza bezpečnosti informačných systémov - súčasný stav v podmienkach agrorezortu na Slovensku  |c Milan Kučera, Anton Repovský, Milan Fiľa 
520 |a Zhodnotenie súčasného stavu bezpečnosti informačných systémov so zameraním na agrorezort, pomenovanie potencionálnych informačno-bezpečnostných hrozieb a rizík vo vybraných podnikoch a náčrt možných návrhov riešení v tejto oblasti, s dôrazom na zaistenie čo najvyššieho stupňa ochrany dát i systému ako celku. 
610 2 0 |a systémy informačné podnikové 
610 2 0 |a bezpečnosť 
610 2 0 |a riziko 
610 2 0 |a ochrana dát 
610 2 0 |a poľnohospodárstvo 
100 1 |a Kučera, Milan 
700 1 |a Repovský, Anton 
700 1 |a Fiľa, Milan